Современные методы диагностики и лечения инфекций урогенитального тракта (Запись № 11166262)

Подробности
000 -МАРКЕР
контрольное поле 02052nam0a2200325 4500
001 - ИДЕНТИФИКАТОР ЗАПИСИ
контрольное поле RU\NLR\BIBL_A\011657959
005 - ИДЕНТИФИКАТОР ВЕРСИИ
контрольное поле 20220826123629.0
010 ## - МЕЖДУНАРОДНЫЙ СТАНДАРТНЫЙ НОМЕР КНИГИ (ISBN)
Номер (ISBN) 978-5-903759-27-9
Тираж 4500
021 ## - НОМЕР ГОСУДАРСТВЕННОЙ РЕГИСТРАЦИИ
Код страны Российская Федерация
Номер КН-П-18-010340
Номер Листа государственной регистраци КН-П-18-0723
035 ## - ДРУГИЕ СИСТЕМНЫЕ НОМЕРА
Идентификатор записи (NLR Aleph) 011657959
035 ## - ДРУГИЕ СИСТЕМНЫЕ НОМЕРА
Идентификатор записи (RuMoRGB)009546709
100 ## - ДАННЫЕ ОБЩЕЙ ОБРАБОТКИ
Данные общей обработки 20180316d2017 u y0rusy50 ca
101 0# - ЯЗЫК РЕСУРСА
Язык текста, звукозаписи и т.д. русский
102 ## - СТРАНА ПУБЛИКАЦИИ ИЛИ ПРОИЗВОДСТВА
Страна публикации Российская Федерация
105 ## - ПОЛЕ КОДИРОВАННЫХ ДАННЫХ: ТЕКСТОВЫЕ МАТЕРИАЛЫ, МОНОГРАФИЧЕСКИЕ
Кодированные данные о монографическом текстовом документе y|||j|||000zy
200 1# - ЗАГЛАВИЕ И СВЕДЕНИЯ ОБ ОТВЕТСТВЕННОСТИ
Основное заглавие Современные методы диагностики и лечения инфекций урогенитального тракта
Сведения, относящиеся к заглавию пособие для врачей
Первые сведения об ответственности Министерство здравоохранения РФ, Федеральное государственное бюджетное образовательное учреждение высшего образования "Московский государственный медико-стоматологический университет им. А.И. Евдокимова", Кафедра кожных и венерических заболеваний
Последующие сведения об ответственности [Перламутров Юрий Николаевич, засл. врач РФ и др.]
210 ## - ПУБЛИКАЦИЯ, РАСПРОСТРАНЕНИЕ И ДР.
Место издания, распространения и т.д. Москва
Имя издателя, распространителя и т. д. Ай-Пи
Дата издания, распространения и т.д. 2017
215 ## - ФИЗИЧЕСКАЯ ХАРАКТЕРИСТИКА
Специфическое обозначение материала и объем 18, [1] с.
Размеры 21
606 1# - НАИМЕНОВАНИЕ ТЕМЫ КАК ПРЕДМЕТ
Наименование темы Мочеполовые органы женщин
Формальный подзаголовок Руководства, пособия и т.п
Тематический подзаголовок Инфекции
Системный номер авторитетной/нормативной записи 2409568
Идентификатор авторитетной/нормативной записи RU\NLR\AUTH\661435770
686 ## - ИНДЕКСЫ ДРУГИХ КЛАССИФИКАЦИЙ
Индекс Р590.16,07
Код системы
686 1# - ИНДЕКСЫ ДРУГИХ КЛАССИФИКАЦИЙ
Индекс Р715.016я77
702 #1 - ИМЯ ЛИЦА - ВТОРИЧНАЯ ОТВЕТСТВЕННОСТЬ
Начальный элемент ввода Перламутров
Часть имени, кроме начального элемента ввода Ю. Н.
Расширение инициалов личного имени Юрий Николаевич
Код отношения Составитель
712 02 - НАИМЕНОВАНИЕ ОРГАНИЗАЦИИ - ВТОРИЧНАЯ ОТВЕТСТВЕННОСТЬ
Код отношения Прочие
Начальный элемент ввода Московский государственный медико-стоматологический университет им. А. И. Евдокимова
Структурное подразделение Кафедра кожных и венерических заболеваний
Системный номер авторитетной/нормативной записи 595417
Идентификатор авторитетной/нормативной записи RU\NLR\AUTH\880466697
942 ## - ДОПОЛНИТЕЛЬНЫЕ ЭЛЕМЕНТЫ ЗАПИСИ (АБИС)
Тип экземпляра АБИС Книга
980 ## - КОЛЛЕКЦИЯ
Название коллекции НБР
980 ## - КОЛЛЕКЦИЯ
Название коллекции Национальная библиография

Нет доступных экземпляров.